| 000 | 004300000a22001690004500 | ||
|---|---|---|---|
| 003 | MACL | ||
| 005 | 20151231123032.0 | ||
| 008 | 151231b xxu||||| |||| 00| 0 eng d | ||
| 040 |
_aMACL _cMACL |
||
| 041 | _aEnglish | ||
| 082 | _a294.52/KAN | ||
| 100 |
_aKane P V _925273 |
||
| 245 | _aHistory of Dharmasastra | ||
| 260 |
_bBhandarkar Oriental Research _c1958 _aPuna |
||
| 650 |
_aReligion _925526 |
||
| 942 |
_cBK _k294.592/Kan _2ddc |
||
| 999 |
_c36163 _d36163 |
||